[Event "I Liga Centralne Srbije"]
[Site "Bajina Bašta, Serbia"]
[Date "2020.10.13"]
[Round "6.1"]
[White "Ivic, Velimir"]
[Black "Dudin, Gleb"]
[Result "1-0"]
[WhiteElo "2548"]
[BlackElo "2386"]
[Annotator "Knez"]
[PlyCount "81"]
[EventDate "2020.??.??"]
[TimeControl "90"]

1. e4 {[%emt 0:04:01]} e5 {[%emt 0:00:11]} 2. Nf3 {[%emt 0:00:06]} Nf6 {
[%emt 0:00:33]} 3. Nxe5 {[%emt 0:02:09]} d6 {[%emt 0:00:16]} 4. Nf3 {[%emt 0:
00:07]} Nxe4 {[%emt 0:00:11]} 5. d4 {[%emt 0:00:08]} d5 {[%emt 0:00:32]} 6. Bd3
{[%emt 0:00:17]} Nc6 {[%emt 0:03:12]} 7. O-O {[%emt 0:02:12]} Be7 {[%emt 0:01:
22]} 8. Nbd2 {[%emt 0:04:44]} Bf5 {[%emt 0:06:23]} 9. Re1 {[%emt 0:01:27]} Nxd2
{[%emt 0:33:30]} 10. Qxd2 {[%emt 0:00:08]} Bxd3 {[%emt 0:02:20]} 11. Qxd3 {
[%emt 0:00:07]} O-O {[%emt 0:00:08]} 12. c3 {[%emt 0:06:37]} a6 {[%emt 0:15:27]
} 13. Bf4 {[%emt 0:06:07]} Qd7 {[%emt 0:03:04]} 14. Re2 {[%emt 0:02:41]} Rae8 {
[%emt 0:02:50]} 15. Rae1 {[%emt 0:00:20]} Bd8 {[%emt 0:01:19]} 16. h3 {[%emt 0:
06:10]} Rxe2 {[%emt 0:05:19]} 17. Qxe2 {[%emt 0:00:24]} f6 {[%emt 0:01:43]} 18.
Nd2 {[%emt 0:05:10]} a5 {[%emt 0:03:51]} 19. Nb3 {[%emt 0:10:05]} b6 {[%emt 0:
01:06]} 20. Nc1 {[%emt 0:00:49]} Kf7 {[%emt 0:06:32]} 21. Qh5+ {[%emt 0:12:53]}
Kg8 {[%emt 0:00:06]} 22. Nd3 {[%emt 0:00:10]} g6 {[%emt 0:00:37]} 23. Qf3 {
[%emt 0:00:15]} Kf7 {[%emt 0:02:12]} 24. Bg5 {[%emt 0:02:15]} Kg7 {[%emt 0:06:
27]} 25. Bd2 {[%emt 0:00:34]} g5 {[%emt 0:00:15]} 26. Qe2 {[%emt 0:19:06]} h6 {
[%emt 0:01:36]} 27. f4 {[%emt 0:01:45]} Ne7 {[%emt 0:00:28]} 28. fxg5 {[%emt 0:
02:34]} hxg5 {[%emt 0:00:16]} 29. h4 {[%emt 0:00:05]} Nc8 {[%emt 0:01:11]} 30.
hxg5 {[%emt 0:03:10]} fxg5 {[%emt 0:00:02]} 31. Qe5+ {[%emt 0:00:15]} Bf6 {
[%emt 0:02:32]} 32. Qg3 {[%emt 0:00:05]} Qd8 {[%emt 0:00:33]} 33. Nf4 {[%emt 0:
00:18]} Kf7 {[%emt 0:00:21]} 34. Ne6 {[%emt 0:00:29]} Qd6 {[%emt 0:00:25]} 35.
Qf3 {[%emt 0:02:24]} g4 {[%emt 0:00:44]} 36. Qxg4 {[%emt 0:00:44]} Rh8 {
[%emt 0:00:05]} 37. Bf4 {[%emt 0:01:55]} Qc6 {[%emt 0:00:06]} 38. Bg5 {[%emt 0:
01:36]} Qd6 {[%emt 0:00:55]} 39. Bxf6 {[%emt 0:00:21]} Qh2+ {[%emt 0:00:30]}
40. Kf2 {[%emt 0:00:05]} Rg8 {[%emt 0:00:06]} 41. Ng5+ {[%emt 0:00:37]} 1-0

[Event "I Liga Centralne Srbije"]
[Site "Bajina Bašta, Serbia"]
[Date "2020.10.13"]
[Round "6.1"]
[White "Djordjevic, Vuk"]
[Black "Perunovic, Miodrag"]
[Result "1-0"]
[WhiteElo "2347"]
[BlackElo "2440"]
[Annotator "Knez"]
[PlyCount "99"]
[EventDate "2020.??.??"]
[TimeControl "90"]
[WhiteClock "0:04:04"]
[BlackClock "0:00:45"]

1. e4 {[%emt 0:00:00]} e6 {[%emt 0:00:00]} 2. d4 {[%emt 0:00:00]} d5 {[%emt 0:
00:00]} 3. Nc3 {[%emt 0:00:00]} Bb4 {[%emt 0:00:00]} 4. e5 {[%emt 0:00:00]} c5
{[%emt 0:00:00]} 5. a3 {[%emt 0:00:00]} Bxc3+ {[%emt 0:00:00]} 6. bxc3 {
[%emt 0:00:00]} Qa5 {[%emt 0:00:00]} 7. Bd2 {[%emt 0:00:00]} Qa4 {[%emt 0:00:
00]} 8. h4 {[%emt 0:00:00]} Ne7 {[%emt 0:00:00]} 9. h5 {[%emt 0:00:00]} h6 {
[%emt 0:00:00]} 10. Rh4 {[%emt 0:00:00]} Nf5 {[%emt 0:00:00]} 11. Rf4 {[%emt 0:
00:00]} c4 {[%emt 0:00:00]} 12. Nf3 {[%emt 0:00:00]} Nc6 {[%emt 0:00:00]} 13.
g3 {[%emt 0:00:00]} Bd7 {[%emt 0:00:00]} 14. Bh3 {[%emt 0:00:00]} Rf8 {[%emt 0:
00:00]} 15. g4 {[%emt 0:00:00]} Nfe7 {[%emt 0:00:00]} 16. g5 {[%emt 0:00:00]}
O-O-O {[%emt 0:00:00]} 17. gxh6 {[%emt 0:00:00]} gxh6 {[%emt 0:00:00]} 18. Nh2
{[%emt 0:00:00]} Nf5 {[%emt 0:00:00]} 19. Bxf5 {[%emt 0:00:00]} exf5 {[%emt 0:
00:00]} 20. Rh4 {[%emt 0:00:00]} Rde8 {[%emt 0:00:00]} 21. Bxh6 {[%emt 0:00:00]
} Rg8 {[%emt 0:00:00]} 22. Kd2 {[%emt 0:00:00]} Qa5 {[%emt 0:00:00]} 23. Be3 {
[%emt 0:00:00]} Qd8 {[%emt 0:00:00]} 24. Nf3 {[%emt 0:00:00]} f6 {[%emt 0:00:
00]} 25. exf6 {[%emt 0:00:00]} Qxf6 {[%emt 0:00:00]} 26. Qh1 {[%emt 0:00:00]}
Re4 {[%emt 0:00:00]} 27. Qh2 {[%emt 0:00:00]} Rgg4 {[%emt 0:00:00]} 28. Rxg4 {
[%emt 0:00:00]} fxg4 {[%emt 0:00:00]} 29. Ne5 {[%emt 0:00:00]} Nxe5 {[%emt 0:
00:00]} 30. dxe5 {[%emt 0:00:00]} Qxe5 {[%emt 0:00:00]} 31. Qxe5 {[%emt 0:00:
00]} Rxe5 {[%emt 0:00:00]} 32. Rh1 {[%emt 0:00:00]} Bf5 {[%emt 0:00:00]} 33. h6
{[%emt 0:00:00]} Re7 {[%emt 0:00:00]} 34. Rh5 {[%emt 0:00:00]} Rf7 {[%emt 0:00:
00]} 35. Bd4 {[%emt 0:00:00]} Be4 {[%emt 0:00:00]} 36. Rg5 {[%emt 0:00:03]} Kd7
{[%emt 0:00:00]} 37. Rxg4 {[%emt 0:00:04]} a6 {[%emt 0:00:00]} 38. f4 {[%emt 0:
00:48]} Ke6 {[%emt 0:00:00]} 39. Be5 {[%emt 0:00:00]} Bh7 {[%emt 0:00:00]} 40.
Rg2 {[%emt 0:00:00]} Be4 {[%emt 0:00:00]} 41. Rh2 {[%emt 0:00:00]} Bh7 {
[%emt 0:00:00]} 42. Ke3 {[%emt 0:00:00]} Be4 {[%emt 0:00:00]} 43. Kd4 {[%emt 0:
00:00]} b6 {[%emt 0:00:00]} 44. Rh5 {[%emt 0:00:02]} Bxc2 {[%emt 0:00:00]} 45.
Rh2 {[%emt 0:00:00]} Be4 {[%emt 0:00:00]} 46. Rb2 {[%emt 0:00:00]} Rb7 {
[%emt 0:00:00]} 47. Bg7 {[%emt 0:00:00]} b5 {[%emt 0:00:00]} 48. Re2 {[%emt 0:
00:16]} Kf7 {[%emt 0:00:01]} 49. f5 {[%emt 0:00:00]} a5 {[%emt 0:00:00]} 50.
Rh2 {[%emt 0:00:00]} 1-0

[Event "I Liga Centralne Srbije"]
[Site "Bajina Bašta, Serbia"]
[Date "2020.10.13"]
[Round "6.1"]
[White "Pavlovic, Dejan S"]
[Black "Brankovic, Dejan"]
[Result "0-1"]
[WhiteElo "2390"]
[BlackElo "2300"]
[Annotator "Knez"]
[PlyCount "128"]
[EventDate "2020.??.??"]
[TimeControl "90"]
[BlackClock "1:30:40"]

1. d4 {[%emt 0:00:00]} g6 {[%emt 0:01:30]} 2. e4 {[%emt 0:00:00]} Bg7 {[%emt 0:
00:00]} 3. Nc3 {[%emt 0:00:00]} c5 {[%emt 0:00:00]} 4. Nf3 {[%emt 0:00:00]}
cxd4 {[%emt 24:19:56]} 5. Nxd4 {[%emt 0:00:05]} Nc6 {[%emt 0:00:07]} 6. Be3 {
[%emt 0:00:07]} Nf6 {[%emt 0:00:20]} 7. Bc4 {[%emt 0:04:27]} d6 {[%emt 0:01:13]
} 8. f3 {[%emt 0:01:15]} Qb6 {[%emt 0:00:13]} 9. Nf5 {[%emt 0:07:35]} Qxb2 {
[%emt 0:00:08]} 10. Nxg7+ {[%emt 0:00:11]} Kf8 {[%emt 0:00:05]} 11. Nd5 {
[%emt 0:00:44]} Nxd5 {[%emt 0:00:53]} 12. Bxd5 {[%emt 0:00:15]} Kxg7 {[%emt 0:
00:08]} 13. O-O {[%emt 0:00:20]} Qc3 {[%emt 0:00:19]} 14. Re1 {[%emt 0:04:00]}
Bd7 {[%emt 0:14:26]} 15. Rb1 {[%emt 0:01:03]} Rab8 {[%emt 0:00:15]} 16. Rb3 {
[%emt 0:20:03]} Qa5 {[%emt 0:00:20]} 17. Qa1+ {[%emt 0:08:54]} f6 {[%emt 0:01:
42]} 18. Reb1 {[%emt 0:00:07]} Qc7 {[%emt 0:01:12]} 19. Qb2 {[%emt 0:03:22]} b6
{[%emt 0:03:35]} 20. Rc3 {[%emt 0:01:17]} Rhc8 {[%emt 0:05:47]} 21. f4 {
[%emt 0:02:39]} Qd8 {[%emt 0:10:26]} 22. Rd1 {[%emt 0:03:36]} Qe8 {[%emt 0:07:
05]} 23. Bf2 {[%emt 0:05:03]} Na5 {[%emt 0:23:33]} 24. e5 {[%emt 0:00:51]} dxe5
{[%emt 0:01:21]} 25. fxe5 {[%emt 0:00:15]} Rxc3 {[%emt 0:00:05]} 26. Qxc3 {
[%emt 0:00:37]} Rc8 {[%emt 0:00:10]} 27. Qd4 {[%emt 0:02:48]} Nc6 {[%emt 0:02:
49]} 28. exf6+ {[%emt 0:03:06]} exf6 {[%emt 0:00:30]} 29. Qf4 {[%emt 0:00:36]}
Qe5 {[%emt 0:06:49]} 30. Qd2 {[%emt 0:02:23]} Be6 {[%emt 0:02:41]} 31. c4 {
[%emt 0:03:23]} Rd8 {[%emt 0:02:19]} 32. Bg3 {[%emt 0:03:03]} Qh5 {[%emt 0:01:
25]} 33. h3 {[%emt 0:02:56]} b5 {[%emt 0:01:57]} 34. Qc1 {[%emt 0:03:54]} bxc4
{[%emt 0:00:42]} 35. Bf3 Qa5 36. Kh2 Rxd1 37. Qxd1 Ne5 38. Be4 Qc5 39. Qa4 Bd7
40. Qa6 Qc7 41. Qa3 Bf5 42. Bxf5 gxf5 43. Qc3 Qc5 44. Kh1 Kg6 45. Bf4 Nd3 46.
Bg3 f4 47. Bh4 Ne5 48. Qc2+ Nd3 49. Qc3 Ne5 50. Qc2+ f5 51. Bf2 Qd5 52. Bxa7 f3
53. Be3 Nd3 54. a4 Qe4 55. Bb6 Qe1+ 56. Kh2 f2 57. Bxf2 Nxf2 58. Qxc4 Qh1+ 59.
Kg3 Ne4+ 60. Kf4 Qh2+ 61. Ke3 Qg3+ 62. Kd4 Qf2+ 63. Ke5 Qb2+ 64. Kf4 Qd2+ {
[%emt 0:35:31] Kg3 Qf4+ Kxf4} 0-1

[Event "I Liga Centralne Srbije"]
[Site "Bajina Bašta, Serbia"]
[Date "2020.10.13"]
[Round "6.1"]
[White "Jevtic, Sasa"]
[Black "Radovanovic, Dusan"]
[Result "1/2-1/2"]
[WhiteElo "2279"]
[BlackElo "2326"]
[Annotator "Knez"]
[PlyCount "111"]
[EventDate "2020.??.??"]
[TimeControl "90"]
[WhiteClock "0:00:32"]
[BlackClock "0:00:43"]

1. d4 {[%emt 0:00:04]} Nf6 {[%emt 0:00:00]} 2. Nf3 {[%emt 0:00:00]} e6 {
[%emt 0:00:00]} 3. e3 {[%emt 0:00:00]} b6 {[%emt 0:00:00]} 4. Bd3 {[%emt 0:00:
00]} Bb7 {[%emt 0:00:00]} 5. c4 {[%emt 0:00:00]} d5 {[%emt 0:00:00]} 6. O-O {
[%emt 0:00:00]} Bd6 {[%emt 0:00:00]} 7. cxd5 {[%emt 0:00:00]} exd5 {[%emt 0:00:
00]} 8. Nc3 {[%emt 0:00:00]} Nbd7 {[%emt 0:00:00]} 9. b3 {[%emt 0:00:00]} a6 {
[%emt 0:00:00]} 10. a4 {[%emt 0:00:00]} Qe7 {[%emt 0:00:00]} 11. Bb2 {[%emt 0:
00:00]} O-O {[%emt 0:00:00]} 12. Nd2 {[%emt 0:00:00]} Ne4 {[%emt 0:00:00]} 13.
Bxe4 {[%emt 0:00:00]} dxe4 {[%emt 0:00:00]} 14. Nc4 {[%emt 0:00:00]} f5 {
[%emt 0:00:00]} 15. Nxd6 {[%emt 0:00:00]} cxd6 {[%emt 0:00:00]} 16. g3 {
[%emt 0:00:00]} Nf6 {[%emt 0:00:00]} 17. Ba3 {[%emt 0:00:00]} Qe6 {[%emt 0:00:
00]} 18. a5 {[%emt 0:00:00]} b5 {[%emt 0:00:00]} 19. Ne2 {[%emt 0:00:00]} Nd5 {
[%emt 0:00:00]} 20. Nf4 {[%emt 0:00:00]} Nxf4 21. gxf4 {[%emt 0:00:00]} Bd5 {
[%emt 0:00:00]} 22. Kh1 {[%emt 0:00:00]} Bxb3 {[%emt 0:00:00]} 23. Qd2 {
[%emt 0:00:00]} Bd5 {[%emt 0:00:00]} 24. Rac1 {[%emt 0:00:00]} Ra7 {[%emt 0:00:
00]} 25. Rg1 {[%emt 0:00:00]} Kh8 {[%emt 0:00:00]} 26. Rc2 {[%emt 0:00:00]} Rd7
{[%emt 0:00:00]} 27. Rg3 {[%emt 0:00:00]} Qf7 {[%emt 0:00:00]} 28. Rc1 {
[%emt 0:00:00]} Qe6 {[%emt 0:00:00]} 29. Qb4 {[%emt 0:00:00]} h6 {[%emt 0:00:
00]} 30. Rcg1 {[%emt 0:00:00]} Kh7 {[%emt 0:00:00]} 31. Qc3 {[%emt 0:00:00]}
Rff7 {[%emt 0:00:00]} 32. Rc1 {[%emt 0:00:00]} Rb7 {[%emt 0:00:00]} 33. Bb4 {
[%emt 0:00:00]} Qd7 {[%emt 0:00:00]} 34. Qd2 {[%emt 0:00:00]} Rc7 {[%emt 0:00:
00]} 35. Rgg1 {[%emt 0:00:00]} Rc4 {[%emt 0:00:00]} 36. Rxc4 {[%emt 0:00:00]}
bxc4 {[%emt 0:00:00]} 37. Qc3 {[%emt 0:00:00]} Qc6 {[%emt 0:00:00]} 38. Qa3 {
[%emt 0:00:00]} Rd7 {[%emt 0:00:00]} 39. h3 {[%emt 0:00:00]} Bf7 {[%emt 0:00:
00]} 40. Bc3 {[%emt 0:00:00]} Qd5 {[%emt 0:00:00]} 41. Rb1 {[%emt 0:00:00]} g5
{[%emt 0:00:00]} 42. fxg5 {[%emt 0:00:00]} hxg5 {[%emt 0:00:00]} 43. Qa4 {
[%emt 0:00:00]} Be6 {[%emt 0:00:00]} 44. Rb8 {[%emt 0:00:00]} f4 {[%emt 0:00:
00]} 45. Qd1 {[%emt 0:00:00]} f3 {[%emt 0:00:12]} 46. Qg1 {[%emt 0:00:25]} Bxh3
{[%emt 0:00:14]} 47. Qg3 {[%emt 0:00:04]} Kg6 {[%emt 0:00:04]} 48. Rh8 {
[%emt 0:00:16]} Bg2+ {[%emt 0:00:17]} 49. Kh2 {[%emt 0:00:00]} Rh7+ {[%emt 0:
00:00]} 50. Rxh7 {[%emt 0:00:00]} Kxh7 {[%emt 0:00:00]} 51. Qg4 {[%emt 0:00:00]
} Kg6 {[%emt 0:00:00]} 52. Qc8 {[%emt 0:00:00]} Qf7 {[%emt 0:00:00]} 53. Kg3 {
[%emt 0:00:00]} Kh7 {[%emt 0:00:09]} 54. d5 {[%emt 0:00:00]} Kg6 {[%emt 0:00:
00]} 55. Qd8 {[%emt 0:00:00]} Kh5 {[%emt 0:00:02]} 56. Qh8+ {[%emt 0:00:40]}
1/2-1/2

[Event "I Liga Centralne Srbije"]
[Site "Bajina Bašta, Serbia"]
[Date "2020.10.13"]
[Round "6.1"]
[White "Marcetic, Nikola"]
[Black "Topalov, Aleksandar"]
[Result "1/2-1/2"]
[WhiteElo "2329"]
[BlackElo "2228"]
[Annotator "Knez"]
[PlyCount "83"]
[EventDate "2020.??.??"]
[TimeControl "90"]
[WhiteClock "0:02:25"]
[BlackClock "0:02:00"]

1. d4 {[%emt 0:00:00]} Nf6 {[%emt 0:00:00]} 2. Bg5 {[%emt 0:00:00]} e6 {
[%emt 0:00:00]} 3. e3 {[%emt 0:00:00]} c5 {[%emt 0:00:00]} 4. Nd2 {[%emt 0:00:
00]} cxd4 {[%emt 0:00:00]} 5. exd4 {[%emt 0:00:00]} Be7 {[%emt 0:00:00]} 6.
Ngf3 {[%emt 0:00:00]} b6 {[%emt 0:00:00]} 7. c3 {[%emt 0:00:00]} Bb7 {[%emt 0:
00:00]} 8. Bd3 {[%emt 0:00:00]} d6 {[%emt 0:00:00]} 9. Bxf6 {[%emt 0:00:00]}
Bxf6 {[%emt 0:00:00]} 10. Be4 {[%emt 0:00:00]} d5 {[%emt 0:00:00]} 11. Bd3 {
[%emt 0:00:00]} Qc7 {[%emt 0:00:00]} 12. O-O {[%emt 0:00:00]} O-O {[%emt 0:00:
00]} 13. Re1 {[%emt 0:00:00]} Nd7 {[%emt 0:00:00]} 14. Qe2 {[%emt 0:00:00]} g6
{[%emt 0:00:00]} 15. Rad1 {[%emt 0:00:00]} a5 {[%emt 0:00:00]} 16. Bb5 {
[%emt 0:00:00]} Bc6 {[%emt 0:00:00]} 17. a4 {[%emt 0:00:00]} Bxb5 {[%emt 0:00:
00]} 18. Qxb5 {[%emt 0:00:00]} Rfc8 {[%emt 0:00:00]} 19. c4 {[%emt 0:00:00]}
Qc6 {[%emt 0:00:00]} 20. Rc1 {[%emt 0:00:00]} Qxb5 {[%emt 0:00:00]} 21. cxb5 {
[%emt 0:00:00]} Kf8 {[%emt 0:00:00]} 22. Nb3 {[%emt 0:00:00]} Ke8 {[%emt 0:00:
00]} 23. Kf1 {[%emt 0:00:00]} Kd8 {[%emt 0:00:00]} 24. Ke2 {[%emt 0:00:00]}
Rxc1 {[%emt 0:00:00]} 25. Rxc1 {[%emt 0:00:00]} Rc8 {[%emt 0:00:00]} 26. Rxc8+
{[%emt 0:00:00]} Kxc8 {[%emt 0:00:00]} 27. Nc1 {[%emt 0:00:00]} e5 {[%emt 0:00:
00]} 28. dxe5 {[%emt 0:00:00]} Nxe5 {[%emt 0:00:00]} 29. Nxe5 {[%emt 0:00:00]}
Bxe5 {[%emt 0:00:00]} 30. Nd3 {[%emt 0:00:00]} Bd6 {[%emt 0:00:00]} 31. f4 {
[%emt 0:00:00]} Kd7 {[%emt 0:00:00]} 32. Kd2 {[%emt 0:00:00]} Ke6 {[%emt 0:00:
00]} 33. Kc3 {[%emt 0:00:00]} Be7 {[%emt 0:00:00]} 34. Kd4 {[%emt 0:00:00]} f5
{[%emt 0:00:00]} 35. g3 {[%emt 0:00:00]} h6 {[%emt 0:00:00]} 36. h4 {[%emt 0:
00:00]} Bf6+ {[%emt 0:00:00]} 37. Ke3 {[%emt 0:00:00]} Kd6 {[%emt 0:00:00]} 38.
b3 {[%emt 0:00:17]} Bc3 {[%emt 0:00:00]} 39. Ke2 {[%emt 0:00:00]} Bf6 {[%emt 0:
00:00]} 40. Ke3 {[%emt 0:00:00]} Bc3 {[%emt 0:00:00]} 41. Ke2 {[%emt 0:00:00]}
Bf6 {[%emt 0:00:00]} 42. Ke3 {[%emt 0:00:00]} 1/2-1/2

[Event "I Liga Centralne Srbije"]
[Site "Bajina Bašta, Serbia"]
[Date "2020.10.13"]
[Round "6.1"]
[White "Dimitrijevic, Nenad"]
[Black "Zivkovic, Ivan B"]
[Result "1/2-1/2"]
[WhiteElo "2142"]
[BlackElo "2330"]
[Annotator "Knez"]
[PlyCount "49"]
[EventDate "2020.??.??"]
[TimeControl "90"]
[WhiteClock "0:23:19"]
[BlackClock "0:24:58"]

1. e4 {[%emt 0:00:00]} c5 {[%emt 0:00:00]} 2. Nc3 {[%emt 0:00:00]} g6 {[%emt 0:
00:00]} 3. g3 {[%emt 0:00:00]} Nc6 {[%emt 0:00:00]} 4. Bg2 {[%emt 0:00:00]} Bg7
{[%emt 0:00:00]} 5. d3 {[%emt 0:00:00]} d6 {[%emt 0:00:00]} 6. Be3 {[%emt 0:00:
00]} Qa5 {[%emt 0:00:00]} 7. Qd2 {[%emt 0:00:00]} Nd4 {[%emt 0:00:00]} 8. f4 {
[%emt 0:00:00]} e6 {[%emt 0:00:00]} 9. Nf3 {[%emt 0:00:00]} Ne7 {[%emt 0:00:00]
} 10. O-O {[%emt 0:00:00]} Nec6 {[%emt 0:00:00]} 11. e5 {[%emt 0:00:00]} d5 {
[%emt 0:00:00]} 12. Bf2 {[%emt 0:00:00]} O-O {[%emt 0:00:00]} 13. g4 {[%emt 0:
00:00]} f6 {[%emt 0:00:00]} 14. exf6 {[%emt 0:00:00]} Bxf6 {[%emt 0:00:00]} 15.
Rae1 {[%emt 0:00:00]} Bd7 {[%emt 0:00:00]} 16. Ne5 {[%emt 0:00:00]} Nxe5 {
[%emt 0:00:00]} 17. fxe5 {[%emt 0:00:00]} Bg7 {[%emt 0:00:00]} 18. Bg3 {
[%emt 0:00:00]} Qb4 {[%emt 0:00:00]} 19. Qc1 {[%emt 0:00:00]} Rxf1+ {[%emt 0:
00:00]} 20. Rxf1 {[%emt 0:00:00]} Nc6 {[%emt 0:00:00]} 21. Rf4 {[%emt 0:00:00]}
Qa5 {[%emt 0:00:00]} 22. Nxd5 {[%emt 0:00:00]} exd5 {[%emt 0:00:00]} 23. Bxd5+
{[%emt 0:00:00]} Kh8 {[%emt 0:00:00]} 24. e6 {[%emt 0:00:00]} Nd4 {[%emt 0:00:
00]} 25. Qe3 {[%emt 0:00:00]} 1/2-1/2

[Event "PRVA LIGA CS 2020"]
[Site "Bajina basta"]
[Date "2020.10.13"]
[Round "6.2"]
[White "Delchev, Aleksander"]
[Black "Celik, Hasan Huseyin"]
[Result "1/2-1/2"]
[WhiteElo "2548"]
[BlackElo "1970"]
[PlyCount "72"]
[EventDate "2020.10.10"]
[WhiteTeam "RADNICKI VODOVOD - Kragujevac"]
[BlackTeam "BORAC - Cacak"]

1. d4 d5 2. c4 c6 3. Nf3 e6 4. Qc2 Nf6 5. Bg5 Be7 6. e3 O-O 7. Nc3 Nbd7 8. Rd1
h6 9. Bh4 b6 10. cxd5 cxd5 11. Bd3 Bb7 12. O-O Rc8 13. Qb1 Nb8 14. Rc1 Nc6 15.
Rfd1 a6 16. a3 Nd7 17. Bg3 b5 18. e4 Nb6 19. exd5 Nxd5 20. Nxd5 Qxd5 21. Be4
Qb3 22. Rc3 Qa4 23. Rdc1 b4 24. axb4 Bxb4 25. Rc4 Na5 26. Rxc8 Rxc8 27. Bxb7
Rxc1+ 28. Qxc1 Nxb7 29. Qc8+ Bf8 30. h4 Qb5 31. Qa8 Qxb2 32. Qxa6 Qc1+ 33. Kh2
Qc8 34. Qb6 Nd8 35. Bc7 Be7 36. g3 Qb7 1/2-1/2

[Event "PRVA LIGA CS 2020"]
[Site "Bajina basta"]
[Date "2020.10.13"]
[Round "6.2"]
[White "Irizanin, Radoje"]
[Black "Radovanovic, Mihajlo"]
[Result "1/2-1/2"]
[WhiteElo "2331"]
[BlackElo "2457"]
[PlyCount "59"]
[EventDate "2020.10.10"]
[WhiteTeam "BORAC - Cacak"]
[BlackTeam "RADNICKI VODOVOD - Kragujevac"]

1. c4 g6 2. g3 Bg7 3. Bg2 d6 4. Nc3 e5 5. e4 Nc6 6. Nge2 Nh6 7. d3 O-O 8. h4
Nd4 9. f3 c6 10. Be3 Qb6 11. O-O f5 12. Qd2 f4 13. gxf4 exf4 14. Bxd4 Bxd4+ 15.
Nxd4 Qxd4+ 16. Qf2 Qxd3 17. Rfd1 Qxc4 18. Rxd6 Nf7 19. Rf6 Ne5 20. Rxf8+ Kxf8
21. Rd1 Be6 22. Rd4 Qa6 23. Ra4 Qd3 24. Qc5+ Kf7 25. Qxe5 Qe3+ 26. Kh2 Rd8 27.
Qg5 Rd2 28. e5 Bf5 29. Rxf4 Qxe5 30. Qg3 1/2-1/2

[Event "PRVA LIGA CS 2020"]
[Site "Bajina basta"]
[Date "2020.10.13"]
[Round "6.2"]
[White "Radovanovic, Nikola"]
[Black "Marinkovic, Ivan"]
[Result "1/2-1/2"]
[WhiteElo "2377"]
[BlackElo "2451"]
[PlyCount "50"]
[EventDate "2020.10.10"]
[WhiteTeam "RADNICKI VODOVOD - Kragujevac"]
[BlackTeam "BORAC - Cacak"]

1. e4 Nf6 2. e5 Nd5 3. c4 Nb6 4. d4 d6 5. f4 g6 6. Nc3 Bg7 7. Be3 Be6 8. b3 O-O
9. Be2 dxe5 10. fxe5 c5 11. d5 Bc8 12. Qd2 N6d7 13. Nf3 e6 14. O-O Nxe5 15.
Bxc5 Re8 16. Rad1 Nbd7 17. dxe6 fxe6 18. Nxe5 Bxe5 19. Be3 Qc7 20. Bf4 Rf8 21.
Nb5 Qc5+ 22. Kh1 Bxf4 23. Rxf4 Nf6 24. Rdf1 Qe5 25. Nc3 Bd7 1/2-1/2

[Event "PRVA LIGA CS 2020"]
[Site "Bajina basta"]
[Date "2020.10.13"]
[Round "6.2"]
[White "Radovic, Luka"]
[Black "Gavrilovic, Leonardo"]
[Result "1-0"]
[WhiteElo "2334"]
[BlackElo "2246"]
[PlyCount "67"]
[EventDate "2020.10.10"]
[WhiteTeam "RADNICKI VODOVOD - Kragujevac"]
[BlackTeam "BORAC - Cacak"]

1. Nf3 Nf6 2. c4 e6 3. g3 b6 4. Bg2 Bb7 5. O-O Be7 6. Nc3 O-O 7. Re1 c5 8. e4
d6 9. d4 cxd4 10. Nxd4 Qc8 11. Be3 a6 12. Rc1 Nbd7 13. f4 Rd8 14. Bf2 Qc7 15.
Nd5 exd5 16. cxd5 Qb8 17. Nc6 Bxc6 18. dxc6 Nc5 19. c7 Qxc7 20. b4 Rac8 21.
bxc5 dxc5 22. Qe2 c4 23. e5 Nd5 24. Red1 Nb4 25. Rxd8+ Bxd8 26. Bh3 b5 27. e6
Rb8 28. exf7+ Kxf7 29. Re1 Be7 30. Qh5+ Kg8 31. Be6+ Kh8 32. Bf5 g6 33. Bd4+
Kg8 34. Be6+ 1-0

[Event "PRVA LIGA CS 2020"]
[Site "Bajina basta"]
[Date "2020.10.13"]
[Round "6.2"]
[White "Dimitrijevic, Ivan"]
[Black "Zlatanovic, Boroljub"]
[Result "0-1"]
[WhiteElo "2099"]
[BlackElo "2372"]
[PlyCount "44"]
[EventDate "2020.10.10"]
[WhiteTeam "BORAC - Cacak"]
[BlackTeam "RADNICKI VODOVOD - Kragujevac"]

1. c4 e5 2. Nc3 Nc6 3. e4 Bc5 4. Nf3 d6 5. Be2 Nge7 6. O-O O-O 7. d3 f5 8. exf5
Nxf5 9. Na4 Bd4 10. Nxd4 Ncxd4 11. Nc3 Bd7 12. Be3 Bc6 13. Bg4 Qh4 14. Bxf5
Nxf5 15. Qd2 Bxg2 16. f3 Bxf1 17. Rxf1 Qh3 18. Ne4 h6 19. Qe2 Nh4 20. Ng3 Rf6
21. f4 Raf8 22. Bd2 exf4 0-1

[Event "I Liga Centralne Srbije"]
[Site "Bajina Bašta, Serbia"]
[Date "2020.10.13"]
[Round "6.3"]
[White "Ristic, Nebojsa B"]
[Black "Narancic, Vlado"]
[Result "1-0"]
[WhiteElo "2312"]
[BlackElo "2281"]
[Annotator "Knez"]
[PlyCount "69"]
[EventDate "2020.??.??"]
[TimeControl "90"]
[WhiteClock "0:17:42"]
[BlackClock "0:38:49"]

1. d4 {[%emt 0:00:00]} Nf6 {[%emt 0:00:00]} 2. Bf4 {[%emt 0:00:00]} g6 {
[%emt 0:00:00]} 3. Nc3 {[%emt 0:00:00]} Bg7 {[%emt 0:00:00]} 4. e4 {[%emt 0:00:
00]} d6 {[%emt 0:00:00]} 5. Qd2 {[%emt 0:00:00]} c6 {[%emt 0:00:00]} 6. f3 {
[%emt 0:00:00]} O-O {[%emt 0:00:00]} 7. O-O-O {[%emt 0:00:00]} Qc7 {[%emt 0:00:
00]} 8. Bh6 {[%emt 0:00:00]} e5 {[%emt 0:00:00]} 9. dxe5 {[%emt 0:00:00]} dxe5
{[%emt 0:00:00]} 10. h4 {[%emt 0:00:00]} Nh5 {[%emt 0:00:00]} 11. Bxg7 {
[%emt 0:00:00]} Kxg7 {[%emt 0:00:00]} 12. Nge2 {[%emt 0:00:00]} Be6 {[%emt 0:
00:00]} 13. g4 {[%emt 0:00:00]} Nf6 {[%emt 0:00:00]} 14. h5 {[%emt 0:00:00]} b5
{[%emt 0:00:00]} 15. Ng3 {[%emt 0:00:00]} Ng8 {[%emt 0:00:00]} 16. Bd3 {
[%emt 0:00:00]} Qe7 {[%emt 0:00:00]} 17. g5 {[%emt 0:00:00]} Rd8 {[%emt 0:00:
00]} 18. f4 {[%emt 0:00:00]} exf4 {[%emt 0:00:00]} 19. Qxf4 {[%emt 0:00:00]} b4
{[%emt 0:00:00]} 20. Nce2 {[%emt 0:00:00]} Kf8 {[%emt 0:00:00]} 21. hxg6 {
[%emt 0:00:00]} hxg6 {[%emt 0:00:00]} 22. Rh8 {[%emt 0:00:00]} Qc5 {[%emt 0:00:
00]} 23. e5 {[%emt 0:00:00]} Nd7 {[%emt 0:00:00]} 24. Nd4 {[%emt 0:00:00]} Bxa2
{[%emt 0:00:00]} 25. e6 {[%emt 0:00:00]} Ne5 {[%emt 0:00:00]} 26. Qf6 {[%emt 0:
00:00]} Rxd4 {[%emt 0:00:00]} 27. e7+ {[%emt 0:00:00]} Qxe7 {[%emt 0:00:00]}
28. Rxg8+ {[%emt 0:00:00]} Kxg8 {[%emt 0:00:00]} 29. Qxe7 {[%emt 0:00:00]}
Nxd3+ {[%emt 0:00:00]} 30. cxd3 {[%emt 0:00:00]} Rh4 {[%emt 0:00:00]} 31. Ne4 {
[%emt 0:00:00]} a5 {[%emt 0:00:00]} 32. Nf6+ {[%emt 0:00:00]} Kg7 {[%emt 0:00:
00]} 33. Re1 {[%emt 0:00:00]} Rhh8 {[%emt 0:00:00]} 34. Qe5 {[%emt 0:00:00]}
Kf8 {[%emt 0:00:00]} 35. Ne8 {[%emt 0:01:26]} 1-0